<?xml version="1.0" encoding="UTF-8"?><?xml-stylesheet type="text/xsl" href="static/style.xsl"?><OAI-PMH xmlns="http://www.openarchives.org/OAI/2.0/" xmlns:xsi="http://www.w3.org/2001/XMLSchema-instance" xsi:schemaLocation="http://www.openarchives.org/OAI/2.0/ http://www.openarchives.org/OAI/2.0/OAI-PMH.xsd"><responseDate>2026-04-29T07:24:15Z</responseDate><request verb="GetRecord" identifier="oai:repisalud.isciii.es:20.500.12105/26683" metadataPrefix="marc">https://repisalud.isciii.es/rest/oai/request</request><GetRecord><record><header><identifier>oai:repisalud.isciii.es:20.500.12105/26683</identifier><datestamp>2025-12-18T12:58:37Z</datestamp><setSpec>com_20.500.12105_2203</setSpec><setSpec>com_20.500.12105_2202</setSpec><setSpec>col_20.500.12105_19585</setSpec></header><metadata><record xmlns="http://www.loc.gov/MARC21/slim" xmlns:dcterms="http://purl.org/dc/terms/" xmlns:doc="http://www.lyncode.com/xoai" xmlns:xsi="http://www.w3.org/2001/XMLSchema-instance" xsi:schemaLocation="http://www.loc.gov/MARC21/slim http://www.loc.gov/standards/marcxml/schema/MARC21slim.xsd">
   <leader>00925njm 22002777a 4500</leader>
   <datafield ind2=" " ind1=" " tag="042">
      <subfield code="a">dc</subfield>
   </datafield>
   <datafield ind2=" " ind1=" " tag="720">
      <subfield code="a">Instituto de Salud Carlos III. Gabinete de prensa</subfield>
      <subfield code="e">author</subfield>
   </datafield>
   <datafield ind2=" " ind1=" " tag="260">
      <subfield code="c">2025-04-08</subfield>
   </datafield>
   <datafield ind2=" " ind1=" " tag="520">
      <subfield code="a">Una investigación llevada a cabo por un equipo del Instituto de Investigación de Enfermedades Raras (IIER) del ISCIII, concluye que una estrategia basada en la tecnología de edición genética CRISPR ha demostrado buenos resultados en modelos preclínicos de sarcoma de Ewing, un tipo de cáncer infantil considerado una enfermedad rara, para el que ha habido pocos avances terapéuticos en los últimos años. El estudio ahora publicado es una continuación del trabajo publicado en 2021 por el mismo equipo del ISCIII, en el que se sentaron las bases para la prueba de concepto en modelos celulares de esta estrategia terapéutica. En esta ocasión, los autores han ido más allá y han demostrado la eficacia de esta terapia génica para el tratamiento del sarcoma de Ewing en modelos preclínicos de la enfermedad, incorporando una novedad destacada: gracias a un promotor específico, se ha logrado expresar la tecnología CRISPR/Cas9 exclusivamente en las células de sarcoma de Ewing, eliminado así los posibles efectos secundarios de la edición génica.</subfield>
   </datafield>
   <datafield ind1="8" ind2=" " tag="024">
      <subfield code="a">Nota de prensa y noticia publicada el 08/04/2025</subfield>
   </datafield>
   <datafield ind1="8" ind2=" " tag="024">
      <subfield code="a">https://hdl.handle.net/20.500.12105/26683</subfield>
   </datafield>
   <datafield tag="653" ind2=" " ind1=" ">
      <subfield code="a">Sarcoma de Ewing</subfield>
   </datafield>
   <datafield tag="653" ind2=" " ind1=" ">
      <subfield code="a">Edición genética</subfield>
   </datafield>
   <datafield tag="653" ind2=" " ind1=" ">
      <subfield code="a">Tecnología CRISPR/Cas9</subfield>
   </datafield>
   <datafield tag="653" ind2=" " ind1=" ">
      <subfield code="a">Células tumorales</subfield>
   </datafield>
   <datafield ind2="0" ind1="0" tag="245">
      <subfield code="a">Nuevos avances en posibles terapias contra el cáncer infantil basadas en la edición genética con CRISPR</subfield>
   </datafield>
</record></metadata></record></GetRecord></OAI-PMH>